| 000 | 00960nam a2200277 a 4500 | ||
|---|---|---|---|
| 005 | 20191224041623.0 | ||
| 008 | 160122t1999 xxua gr|||| 00| 0 spa d | ||
| 040 |
_aCO-BoIAVH _cCO-BoIAVH |
||
| 041 |
_aspa _heng |
||
| 082 | 4 |
_a354.3 _bF67e |
|
| 110 | 2 | _bFondo Nacional de Financiamiento Forestal | |
| 245 | 1 | _aDesarrollo del sistema de pago de servicios ambientales en Costa Rica | |
| 246 | _aDevelopment of the forestry environmental services payment program in Costa Rica | ||
| 260 |
_aSan José _bFONAFIFO _c1999 |
||
| 300 | _a64 paginas. | ||
| 650 | _aServicios ambientales | ||
| 650 | 4 | _aBosques | |
| 650 | 4 | _aIncentivos forestales | |
| 650 | 4 | _aLegislación | |
| 650 | 4 | _aEmisión de gases | |
| 650 | 6 | _aBiodiversidad | |
| 662 | _aCosta Rica | ||
| 710 | _a^aPrograma de las Naciones Unidas para el Desarrollo | ||
| 710 | _a^aPrograma Mundial de Bosques | ||
| 942 |
_cLIBRO _2ddc |
||
| 999 |
_c2094 _d2094 |
||